| 000 | 01126cam a2200301 a 4500 | ||
|---|---|---|---|
| 999 |
_c330787 _d330787 |
||
| 001 | 2048003 | ||
| 003 | NUST | ||
| 005 | 20170807111304.0 | ||
| 008 | 930311s1992 pk ab 000 0 eng | ||
| 010 | _a 92931409 | ||
| 020 |
_a9693501896 : _cRs295.00 |
||
| 025 | _aP-E-024035 12/12-54 | ||
| 040 |
_aDLC _cDLC _dDLC |
||
| 043 |
_aa-ii--- _aa-pk--- |
||
| 050 | 0 | 0 |
_aDS485.P165 _bT34 1992 |
| 082 | 0 | 0 |
_a954.914 _bTAH |
| 100 | 1 |
_aTahir, M. Athar. _93797 |
|
| 245 | 1 | 0 |
_aPunjab portraits / _cM. Athar Tahir ; sketches by Sajid Qureshi. |
| 260 |
_aLahore : _bSang-e-Meel Publications, _c1992. |
||
| 300 |
_a274 p. : _bill., map ; _c23 cm. |
||
| 504 | _aIncludes bibliographical references. | ||
| 520 | _aEssays and articles about different aspects, particularly cultural diversity of the modern as well as the old Punjab. | ||
| 651 | 0 |
_aPunjab (India) _xCivilization. _93798 |
|
| 906 |
_a7 _bcbc _corignew _d3 _encip _f19 _gy-gencatlg |
||
| 942 |
_2ddc _cBK |
||